| 000 | 00000nam##2200000za#4500 |
| 001 | 9.670744 |
| 003 | CaOODSP |
| 005 | 20210615125712 |
| 007 | co ||||||||||| |
| 008 | 150407|2008||||xxc |q d f### # fre|d |
| 020 | |a978-0-662-06371-1 |
| 040 | |aCaOODSP|bfre |
| 041 | |aeng |
| 041 | |afre |
| 043 | |an-cn--- |
| 086 | 1 |aCH4-70/2008-MRC |
| 110 | 1 |aCanada. |bPatrimoine canadien. |
| 245 | 10|aLes Canadiens et leur gouvernement : |h[ressource électronique]|bun guide de ressources |
| 260 | |aOttawa - Ontario : |bPatrimoine canadien |c[2008]. |
| 300 | |a1 disque. |
| 590 | |a09-23|b2009-06-05 |
| 691 | 07|aGouvernement fédéral|2gcpds |
| 691 | 07|aParlement|2gcpds |
| 776 | 0#|tLes Canadiens et leur gouvernement : |w(CaOODSP)9.635958 |
| 776 | 0#|tLes Canadiens et leur gouvernement : |w(CaOODSP)9.684405 |
| 776 | 0#|tCanadians and their government : |w(CaOODSP)9.691633 |
| 776 | 0#|tCanadians and their government - a resource guide |w(CaOODSP)9.651370 |
| 791 | |tCanadians and their government : |eeng|w(CaOODSP)9.670743 |